000 00830nam a2200241 a 4500
001 BRL_1665
005 20190320211319.0
008 230414s2009----mx-a######---#000-0#spa-#
041 _aspa
044 _amx
050 4 _aGT625
_b.L43 2009
100 1 _aLechuga, Ruth D.
_94883
245 1 0 _aLa indumentaria en el México indígena
_cRuth D. Lechuga ; revisión y actualización Marco Buenrostro.
260 _aMéxico
_bFONART Fondo Nacional para el Fomento de las Artesanías
_c2009
300 _a46 p.
_bil.
_c21 cm.
440 0 _aArtesanías tradicionales. Apuntes monográficos
_927490
504 _aBibliografía : p. 41
650 1 4 _aIndumentaria
_zMéxico
_9808
650 1 4 _aIndígenas de México
_xIndumentaria
_92447
650 1 4 _aArtesanías
_zMéxico
_93976
700 1 _aBuenrostro, Marco
_911025
942 _2lcc
_cB
999 _c10474
_d10474